[Event "DEN-ch Seniors"]
[Site "Skorping"]
[Date "2017.04.17"]
[Round "5"]
[White "Asmund, Erik"]
[Black "Nielsen, Bent K"]
[Result "1/2-1/2"]
[WhiteElo "1593"]
[BlackElo "1371"]
[PlyCount "23"]
[EventDate "2017.04.13"]
[EventType "swiss"]
[EventRounds "5"]
[EventCountry "DEN"]
[SourceTitle "EXT 2023"]
[Source "ChessBase"]
[SourceDate "2022.10.05"]
[SourceVersion "1"]
[SourceVersionDate "2022.10.05"]
[SourceQuality "1"]

1. e4 c5 2. Bc4 e6 3. Nc3 d6 4. Nf3 Nf6 5. d3 Nc6 6. a3 a6 7. 0-0 Be7 8. Ne2 Ng4 9. h3 Nge5 10. Nxe5 Nxe5 11. Ba2 b5 12. Bf4 1/2-1/2

[Event "Logumkloster-chB"]
[Site "Logumkloster"]
[Date "2016.05.17"]
[Round "5"]
[White "Asmund, Erik"]
[Black "Baagoe, Hans Chr"]
[Result "0-1"]
[WhiteElo "1594"]
[BlackElo "1504"]
[PlyCount "38"]
[EventDate "2016.04.12"]
[EventType "tourn"]
[EventRounds "5"]
[EventCountry "DEN"]
[SourceTitle "EXT 2023"]
[Source "ChessBase"]
[SourceDate "2022.10.05"]
[SourceVersion "1"]
[SourceVersionDate "2022.10.05"]
[SourceQuality "1"]

1. e4 c5 2. d4 cxd4 3. Qxd4 Nc6 4. Qd1 h6 5. b3 Nf6 6. Nd2 a6 7. Bb2 e5 8. Bd3 Bc5 9. h3 d6 10. a3 Be6 11. Ne2 Nh5 12. g4 Qh4 13. 0-0 Ng3 14. Nxg3 Qxg3+ 15. Kh1 Qxh3+ 16. Kg1 Qg3+ 17. Kh1 Qh4+ 18. Kg2 Bxg4 19. Be2 Bh3+ 0-1

[Event "Sonderjysk-ch B"]
[Site "Haderslev"]
[Date "2013.05.27"]
[Round "4"]
[White "Asmund, Erik"]
[Black "Feldborg, Henrik"]
[Result "1/2-1/2"]
[WhiteElo "1444"]
[BlackElo "1587"]
[PlyCount "44"]
[EventDate "2013.04.29"]
[EventType "tourn"]
[EventRounds "7"]
[EventCountry "DEN"]
[SourceTitle "EXT 2023"]
[Source "ChessBase"]
[SourceDate "2022.10.05"]
[SourceVersion "1"]
[SourceVersionDate "2022.10.05"]
[SourceQuality "1"]

1. e4 c5 2. Nf3 d6 3. Nc3 Nc6 4. b3 Nf6 5. Be2 g6 6. Bb2 Bg7 7. Rb1 0-0 8. 0-0 Nd4 9. d3 e6 10. a4 a6 11. Nxd4 cxd4 12. Na2 Ne8 13. c3 dxc3 14. Bxc3 Bd7 15. Bxg7 Nxg7 16. Qd2 Rc8 17. Rfc1 Qb6 18. Qb4 Rxc1+ 19. Rxc1 Qxb4 20. Nxb4 Rc8 21. Rxc8+ Bxc8 22. Nc2 Bd7 1/2-1/2

[Event "DEN-ch Seniors"]
[Site "Helsingor"]
[Date "2013.03.29"]
[Round "1"]
[White "Asmund, Erik"]
[Black "Christiansen, Erling"]
[Result "0-1"]
[WhiteElo "1737"]
[BlackElo "1919"]
[PlyCount "104"]
[EventDate "2013.03.29"]
[EventType "swiss"]
[EventRounds "5"]
[EventCountry "DEN"]
[SourceTitle "EXT 2014"]
[Source "ChessBase"]
[SourceDate "2013.11.20"]
[SourceVersion "1"]
[SourceVersionDate "2013.11.20"]
[SourceQuality "1"]

1. e4 e5 2. Nf3 Nc6 3. Bc4 Bc5 4. c3 Bb6 5. d3 d6 6. 0-0 Qe7 7. Be3 Be6 8. Bxb6 axb6 9. Nbd2 Nh6 10. h3 Bxc4 11. Nxc4 f5 12. exf5 Nxf5 13. Ne3 0-0 14. Nxf5 Rxf5 15. Qd2 Qf6 16. a3 Ne7 17. Rae1 Ng6 18. Re3 Rf8 19. Nh2 Qg5 20. Qe2 Nf4 21. Qg4 Qf6 22. Qf3 c6 23. Qd1 Kh8 24. Rg3 Ng6 25. Rf3 Rf4 26. Rxf4 Nxf4 27. Qf3 Qf5 28. Qe4 Nxd3 29. Qxf5 Rxf5 30. b4 d5 31. Nf3 b5 32. Nd2 Kg8 33. g3 e4 34. Nb3 Kf8 35. Nd4 Rf6 36. Kg2 Ne5 37. f4 Nc4 38. Ra1 Ke7 39. h4 h5 40. Kf2 g6 41. Nc2 Rf8 42. Ne3 Nxe3 43. Kxe3 Ke6 44. Ra2 Kf5 45. Kf2 Kg4 46. Kg2 Re8 47. Re2 e3 48. Re1 e2 49. Kf2 Re4 50. Rxe2 Rxe2+ 51. Kxe2 Kxg3 52. Ke3 Kg4 0-1

[Event "DEN-ch Seniors"]
[Site "Helsingor"]
[Date "2013.03.29"]
[Round "2"]
[White "Jessen, Ernst J"]
[Black "Asmund, Erik"]
[Result "1/2-1/2"]
[WhiteElo "1773"]
[BlackElo "1737"]
[PlyCount "22"]
[EventDate "2013.03.29"]
[EventType "swiss"]
[EventRounds "5"]
[EventCountry "DEN"]
[SourceTitle "EXT 2014"]
[Source "ChessBase"]
[SourceDate "2013.11.20"]
[SourceVersion "1"]
[SourceVersionDate "2013.11.20"]
[SourceQuality "1"]

1. e4 e5 2. Nf3 Nc6 3. Bb5 d6 4. 0-0 Bd7 5. a3 Nf6 6. d3 Be7 7. Bg5 h6 8. Be3 a6 9. Bc4 0-0 10. Re1 Bg4 11. Nbd2 d5 1/2-1/2

[Event "Logumkloster-chA"]
[Site "Logumkloster"]
[Date "2012.04.17"]
[Round "3"]
[White "Asmund, Erik"]
[Black "Hansen, Hans Valdemar"]
[Result "0-1"]
[WhiteElo "1558"]
[BlackElo "1882"]
[PlyCount "92"]
[EventDate "2012.03.27"]
[EventType "tourn"]
[EventRounds "5"]
[EventCountry "DEN"]
[SourceTitle "EXT 2023"]
[Source "ChessBase"]
[SourceDate "2022.10.05"]
[SourceVersion "1"]
[SourceVersionDate "2022.10.05"]
[SourceQuality "1"]

1. e4 e5 2. Nf3 Nf6 3. Bc4 Bc5 4. Nc3 d6 5. d3 c6 6. h3 0-0 7. 0-0 d5 8. exd5 cxd5 9. Bb3 Nc6 10. Bg5 d4 11. Nd5 Be6 12. Nxf6+ gxf6 13. Bh6 Re8 14. Bxe6 fxe6 15. Nh2 f5 16. Kh1 Qf6 17. Qh5 Be7 18. Nf3 Rac8 19. Ng5 Nb4 20. Nxh7 Qf7 21. Qxf7+ Kxf7 22. Bd2 Nxc2 23. Ng5+ Bxg5 24. Bxg5 Nxa1 25. Rxa1 Rc2 26. Re1 Rxb2 27. Rxe5 Rxf2 28. Rc5 Kg6 29. h4 Rxa2 30. Rc7 Rb2 31. Rd7 e5 32. Rd6+ Kh5 33. Kh2 Rb3 34. Kh3 Rxd3+ 35. g3 Rh8 36. Rd5 f4 37. Bxf4 Rf8 38. Rxe5+ Kg6 39. Kg4 Rb3 40. h5+ Kg7 41. Rg5+ Kh7 42. Rd5 Rg8+ 43. Kf5 d3 44. h6 Rf8+ 45. Kg5 Rf7 46. g4 a6 0-1

[Event "Logumkloster-chA"]
[Site "Logumkloster"]
[Date "2012.04.10"]
[Round "2"]
[White "Karstensen, Christian"]
[Black "Asmund, Erik"]
[Result "1-0"]
[WhiteElo "1912"]
[BlackElo "1558"]
[PlyCount "69"]
[EventDate "2012.03.27"]
[EventType "tourn"]
[EventRounds "5"]
[EventCountry "DEN"]
[SourceTitle "EXT 2023"]
[Source "ChessBase"]
[SourceDate "2022.10.05"]
[SourceVersion "1"]
[SourceVersionDate "2022.10.05"]
[SourceQuality "1"]

1. e4 e5 2. Nf3 Nc6 3. Bc4 h6 4. c3 Nf6 5. d3 d6 6. b4 Bd7 7. Nbd2 Ne7 8. Qb3 Be6 9. Bxe6 fxe6 10. Qxe6 Qd7 11. Qb3 Ng6 12. Nf1 d5 13. Ng3 dxe4 14. dxe4 0-0-0 15. 0-0 Bd6 16. Re1 Kb8 17. Be3 Rhf8 18. Rad1 Qc8 19. Qa4 b6 20. c4 Ng4 21. c5 Nxe3 22. Rxe3 Be7 23. Rb1 Rxf3 24. Rxf3 Qb7 25. c6 Qa8 26. b5 Bc5 27. Rd1 Rxd1+ 28. Qxd1 Bd4 29. Ne2 a6 30. Nxd4 axb5 31. Nxb5 Qxc6 32. Qd8+ Kb7 33. Qd5 Nf4 34. Qxc6+ Kxc6 35. Nc3 1-0

[Event "Politiken Cup 33rd"]
[Site "Helsingor"]
[Date "2011.08.07"]
[Round "10"]
[White "Asmund, Erik"]
[Black "Elzubeir, Omar"]
[Result "1-0"]
[WhiteElo "1739"]
[BlackElo "1497"]
[PlyCount "65"]
[EventDate "2011.07.30"]
[EventType "swiss"]
[EventRounds "10"]
[EventCountry "DEN"]
[SourceTitle "CBM 143 Extra"]
[Source "ChessBase"]
[SourceDate "2011.08.29"]
[SourceVersion "1"]
[SourceVersionDate "2011.08.29"]
[SourceQuality "1"]

1. e4 g6 2. d4 Bg7 3. c3 d6 4. Be3 Nf6 5. Bd3 0-0 6. Nf3 Bg4 7. Nbd2 c5 8. h3 Bc8 9. 0-0 Nc6 10. Qc2 cxd4 11. Nxd4 Nxd4 12. Bxd4 Qa5 13. Nf3 Nh5 14. Bxg7 Kxg7 15. Kh2 Nf4 16. g3 Qh5 17. Ng5 Bxh3 18. gxf4 Bxf1+ 19. Kg1 Bxd3 20. Qxd3 h6 21. Nh3 Qg4+ 22. Kh2 Rad8 23. Rg1 Qe6 24. f5 Qe5+ 25. f4 Qc5 26. Qg3 Kh8 27. fxg6 Rg8 28. g7+ Kh7 29. Ng5+ hxg5 30. Qh3+ Kg6 31. Rxg5+ Kf6 32. e5+ dxe5 33. Qf5# 1-0

[Event "Vojens Sonderjysk B"]
[Site "Vojens"]
[Date "2011.05.16"]
[Round "3"]
[White "Asmund, Erik"]
[Black "Clausen, Jorgen"]
[Result "0-1"]
[WhiteElo "1624"]
[BlackElo "1741"]
[PlyCount "112"]
[EventDate "2011.05.02"]
[EventType "tourn"]
[EventRounds "7"]
[EventCountry "DEN"]
[SourceTitle "EXT 2023"]
[Source "ChessBase"]
[SourceDate "2022.10.05"]
[SourceVersion "1"]
[SourceVersionDate "2022.10.05"]
[SourceQuality "1"]

1. d4 d5 2. Bf4 e6 3. Nf3 c5 4. e3 Qb6 5. b3 Nc6 6. Be2 Be7 7. 0-0 cxd4 8. exd4 Bf6 9. c3 Bd7 10. Na3 a6 11. Nc2 Nge7 12. Qd2 0-0 13. Rac1 Rac8 14. Bd3 Nd8 15. Ne3 Ng6 16. Ng4 Be7 17. Bxg6 fxg6 18. Bg5 Ba3 19. Rc2 Nf7 20. Nge5 Bb5 21. Re1 Nd6 22. Qe3 Nf5 23. Qd2 a5 24. g4 Nd6 25. Qe3 Ne4 26. Bh4 a4 27. Nd2 Nxd2 28. Qxd2 axb3 29. axb3 Bd6 30. Qe3 Bxe5 31. Qxe5 Bd3 32. Rb2 Rxc3 33. Qxe6+ Qxe6 34. Rxe6 Rc1+ 35. Kg2 Be4+ 36. Rxe4 dxe4 37. Bg3 Rd8 38. Be5 Rd5 39. Re2 Rb1 40. Rxe4 Rxb3 41. Re2 b5 42. Rc2 Rd7 43. Rc8+ Kf7 44. g5 b4 45. Rb8 Ke6 46. f3 Kd5 47. h4 Kc4 48. Kg3 Rb1 49. Rc8+ Kd3 50. Rc5 b3 51. d5 b2 52. Rc3+ Kd2 53. Rb3 Rg1+ 54. Kf2 b1Q 55. Bf4+ Kc2 56. Rxb1 Rxb1 0-1

[Event "Vojens Sonderjysk B"]
[Site "Vojens"]
[Date "2011.05.02"]
[Round "1"]
[White "Asmund, Erik"]
[Black "Johnk, Gert C"]
[Result "1/2-1/2"]
[WhiteElo "1624"]
[BlackElo "1807"]
[PlyCount "119"]
[EventDate "2011.05.02"]
[EventType "tourn"]
[EventRounds "7"]
[EventCountry "DEN"]
[SourceTitle "EXT 2023"]
[Source "ChessBase"]
[SourceDate "2022.10.05"]
[SourceVersion "1"]
[SourceVersionDate "2022.10.05"]
[SourceQuality "1"]

1. e4 c6 2. Nc3 d5 3. Nf3 dxe4 4. Nxe4 Nf6 5. Ng3 Bg4 6. Be2 Nbd7 7. 0-0 e6 8. c3 Bd6 9. d4 Qc7 10. Qc2 0-0-0 11. Ng5 Bxe2 12. Qxe2 Rdf8 13. Qf3 h6 14. N5e4 Nxe4 15. Qxe4 Nf6 16. Qf3 h5 17. h3 Rfg8 18. Ne2 Ne8 19. Bf4 g5 20. Bxd6 Nxd6 21. Qd3 f5 22. Kh1 h4 23. f3 Nf7 24. Rae1 Rh6 25. c4 Rd8 26. Qb3 Rg6 27. Rd1 Nh6 28. Rd3 g4 29. fxg4 fxg4 30. hxg4 Rxg4 31. c5 Re8 32. Rdf3 Nf5 33. Qd3 Qd7 34. Rf4 Reg8 35. Rxg4 Rxg4 36. Rf4 Rxf4 37. Nxf4 Qxd4 38. Qxd4 Nxd4 39. Ng6 Nf5 40. Kh2 b6 41. cxb6 axb6 42. Kh3 Kd7 43. Nxh4 Kd6 44. g4 Ng7 45. Kg3 Kd5 46. Kf3 Kd4 47. Ke2 Ke4 48. Ng2 e5 49. Ne3 b5 50. b4 Ne6 51. a3 Nd4+ 52. Kd2 Nf3+ 53. Ke2 Kf4 54. Nf5 Kxg4 55. Ne7 Nd4+ 56. Ke3 Nc2+ 57. Ke4 Nxa3 58. Nxc6 Nc4 59. Nxe5+ Nxe5 60. Kxe5 1/2-1/2

[Event "Logumkloster-chB"]
[Site "Logumkloster"]
[Date "2011.05.02"]
[Round "4"]
[White "Pedersen, Rolf"]
[Black "Asmund, Erik"]
[Result "1/2-1/2"]
[WhiteElo "1630"]
[BlackElo "1573"]
[PlyCount "24"]
[EventDate "2011.04.05"]
[EventType "tourn"]
[EventRounds "5"]
[EventCountry "DEN"]
[SourceTitle "EXT 2023"]
[Source "ChessBase"]
[SourceDate "2022.10.05"]
[SourceVersion "1"]
[SourceVersionDate "2022.10.05"]
[SourceQuality "1"]

1. e3 d5 2. Nf3 Bg4 3. Be2 e6 4. b3 Nf6 5. Bb2 Nbd7 6. Ne5 Bxe2 7. Qxe2 Be7 8. 0-0 0-0 9. d3 Nxe5 10. Bxe5 Nd7 11. Bb2 Bf6 12. Bxf6 Qxf6 1/2-1/2

[Event "Logumkloster-ch Basis 2"]
[Site "Logumkloster"]
[Date "2010.05.11"]
[Round "5"]
[White "Asmund, Erik"]
[Black "Hansen, Hans Ole"]
[Result "1/2-1/2"]
[WhiteElo "1588"]
[BlackElo "1542"]
[PlyCount "43"]
[EventDate "2010.04.13"]
[EventType "swiss"]
[EventRounds "5"]
[EventCountry "DEN"]
[SourceTitle "EXT 2023"]
[Source "ChessBase"]
[SourceDate "2022.10.05"]
[SourceVersion "1"]
[SourceVersionDate "2022.10.05"]
[SourceQuality "1"]

1. b4 e6 2. Bb2 Nf6 3. b5 a6 4. a4 axb5 5. axb5 Rxa1 6. Bxa1 d5 7. e3 c5 8. bxc6 bxc6 9. Nf3 Be7 10. Bd3 Ba6 11. Bxa6 Nxa6 12. Nc3 0-0 13. Ne2 c5 14. 0-0 Nb4 15. Ng3 Qa5 16. Qb1 Nc6 17. Be5 Nxe5 18. Nxe5 Bd6 19. d4 Bxe5 20. dxe5 Nd7 21. f4 Rb8 22. Qa1 1/2-1/2

[Event "Logumkloster-ch Basis 2"]
[Site "Logumkloster"]
[Date "2010.05.04"]
[Round "4"]
[White "Kristensen, Karl Martin"]
[Black "Asmund, Erik"]
[Result "1/2-1/2"]
[WhiteElo "1447"]
[BlackElo "1588"]
[PlyCount "56"]
[EventDate "2010.04.13"]
[EventType "swiss"]
[EventRounds "5"]
[EventCountry "DEN"]
[SourceTitle "EXT 2023"]
[Source "ChessBase"]
[SourceDate "2022.10.05"]
[SourceVersion "1"]
[SourceVersionDate "2022.10.05"]
[SourceQuality "1"]

1. c4 e5 2. Nc3 Nf6 3. Nf3 d6 4. e4 Be7 5. d3 0-0 6. Be2 h6 7. h3 c6 8. Be3 Nbd7 9. b4 Nh7 10. d4 exd4 11. Bxd4 Bf6 12. 0-0 Re8 13. Qd2 Ndf8 14. Rad1 Be7 15. Qb2 Ne6 16. Be3 Qc7 17. Nd4 Bf6 18. f4 Bd7 19. Nf5 Be7 20. Nd5 cxd5 21. cxd5 Bf6 22. e5 dxe5 23. dxe6 Bxe6 24. Qb1 Bxf5 25. Qxf5 exf4 26. Bd3 g6 27. Qxf4 Qxf4 28. Bxf4 Bg5 1/2-1/2

[Event "Logumkloster-chC"]
[Site "Logumkloster"]
[Date "2009.05.19"]
[Round "5"]
[White "Kristensen, Karl Martin"]
[Black "Asmund, Erik"]
[Result "0-1"]
[WhiteElo "1500"]
[BlackElo "1607"]
[PlyCount "50"]
[EventDate "2009.04.21"]
[EventType "tourn"]
[EventRounds "5"]
[EventCountry "DEN"]
[SourceTitle "EXT 2023"]
[Source "ChessBase"]
[SourceDate "2022.10.05"]
[SourceVersion "1"]
[SourceVersionDate "2022.10.05"]
[SourceQuality "1"]

1. e4 c5 2. c3 b6 3. Bd3 Bb7 4. Bc2 e6 5. d3 h6 6. Bf4 d6 7. d4 Nf6 8. Nd2 Be7 9. Bg3 0-0 10. f4 Nbd7 11. Ngf3 Rc8 12. h3 Nh5 13. Kf2 Nxg3 14. Kxg3 Nf6 15. Ng1 d5 16. e5 Ne4+ 17. Nxe4 dxe4 18. Qd2 cxd4 19. cxd4 Rc4 20. Nf3 exf3 21. Qd3 Rxc2 22. Qxc2 Bh4+ 23. Kg4 fxg2 24. Rh2 h5+ 25. Kxh5 Bf3# 0-1

[Event "Logumkloster-chC"]
[Site "Logumkloster"]
[Date "2009.04.21"]
[Round "1"]
[White "Asmund, Erik"]
[Black "Munksgaard, Aage"]
[Result "1-0"]
[WhiteElo "1607"]
[BlackElo "1432"]
[PlyCount "83"]
[EventDate "2009.04.21"]
[EventType "tourn"]
[EventRounds "5"]
[EventCountry "DEN"]
[SourceTitle "EXT 2023"]
[Source "ChessBase"]
[SourceDate "2022.10.05"]
[SourceVersion "1"]
[SourceVersionDate "2022.10.05"]
[SourceQuality "1"]

1. e4 e5 2. Bc4 Nc6 3. Nf3 h6 4. 0-0 Nf6 5. Re1 Bc5 6. c3 0-0 7. d4 exd4 8. cxd4 Bb4 9. Bd2 Bxd2 10. Qxd2 d6 11. h3 Re8 12. Nc3 Na5 13. Bd3 b6 14. b4 Nb7 15. a3 c5 16. d5 cxb4 17. axb4 a5 18. Nd4 Bd7 19. Nc6 Qc8 20. b5 Nc5 21. Bc2 Kf8 22. Qf4 Qc7 23. f3 Nh5 24. Qh4 Nf6 25. Ne2 a4 26. Ned4 Qc8 27. Kh2 Kg8 28. g4 Nb3 29. Bxb3 axb3 30. Nxb3 Bxc6 31. bxc6 Qc7 32. g5 hxg5 33. Qxg5 Rxa1 34. Rxa1 Rb8 35. Rg1 Ne8 36. Nd4 Qd8 37. Qxd8 Rxd8 38. Rb1 Rb8 39. Nb5 Kf8 40. Ra1 Ke7 41. Ra7+ Kf6 42. Rb7 1-0